000 00406nam a22001697a 4500
005 20230117110857.0
008 220215b ||||| |||| 00| 0 eng d
020 _a80176488348
041 _aeng
082 _a616.9
_bSIN-M
100 _aSINHA,DR. A.K
_97135
245 _aMALARIA
260 _aNEW DELHI
_bA.P.H PUBLICATION
_c2005
300 _a285;P.
650 _aPHARMACY
_xB.PHARMA
_97083
942 _cBK
999 _c7953
_d7951